000 00745nam a22002177a 4500
003 UA-OsUOA
001 71876
007 ta
008 20101213b un ||||| |||| 00| 0 ukr d
100 _aСкуба В.
090 _a908
_bС46
942 _cSA
040 _aUA-OsUOA
_bukr
_cUA-OsUOA
_dUA-OsUOA
245 _aРенесанс в українському іконописі. Замість похмурого візантійського аскетизму острозькі майстри ХVІІІ століття надали іконам європейської життєрадісності
300 _aС.24
955 _a0
041 _aukr
080 _a908
773 0 _w71873
650 7 _a908 Краєзнавство
_2UDC
999 _c358289
_d358289